Score 0/130 Timer 13:00
0 Plays Today
Rank Name % Correct
11 (F)Kristin
94.6%
61 (F)Christin
94.6%
120 (F)Cristin
94.6%
3 (F)Christina
92.1%
13 (F)Kristina
92.1%
35 (F)Cristina
92.1%
21 (F)Linda
91.7%
18 (F)Tina
91.2%
2 (M)Kevin
89.9%
15 (M)Vincent
89.7%
1 (M)Justin
89.1%
115 (F)Justin
89.1%
10 (F)Christine
87.7%
37 (F)Kristine
87.7%
5 (F)Erin
87.1%
110 (M)Erin
87.1%
17 (F)Gina
86.7%
7 (F)Katherine
85.3%
46 (F)Katharine
85.3%
14 (F)Catherine
85.3%
108 (F)Kathrine
85.3%
8 (F)Lindsey
83.4%
9 (F)Lindsay
83.4%
95 (F)Karin
83.4%
98 (F)Linsey
83.4%
81 (F)Dina
82.1%
116 (M)Quinn
81.4%
40 (F)Nina
81.1%
32 (F)Cindy
79.3%
4 (M)Benjamin
78.8%
25 (M)Martin
78.7%
24 (M)Devin
77.6%
88 (F)Devin
77.6%
72 (F)Marina
75.6%
30 (F)Caroline
75%
86 (F)Catrina
74.9%
16 (F)Katrina
74.9%
55 (F)Karina
73.1%
87 (F)Corina
73.1%
103 (F)Carina
73.1%
19 (F)Caitlin
72%
53 (F)Kaitlin
72%
6 (M)Dustin
70.7%
23 (F)Melinda
70.3%
Rank Name % Correct
97 (F)Malinda
70.3%
54 (F)Justine
70.2%
39 (F)Mindy
68.8%
12 (F)Jacqueline
67.5%
65 (F)Corinne
66.6%
122 (F)Corrine
66.6%
29 (M)Colin
66.1%
62 (M)Collin
66.1%
26 (F)Robin
65.5%
69 (M)Robin
65.5%
34 (F)Virginia
64.3%
71 (M)Darin
62.5%
78 (M)Darrin
62.5%
27 (F)Jasmine
62.2%
67 (F)Jasmin
62.2%
123 (F)Jazmin
62.2%
66 (F)Belinda
61.3%
44 (M)Marvin
61%
76 (F)Carolina
59.5%
90 (F)Madeline
59.5%
36 (M)Calvin
59.3%
60 (M)Quinton
59%
82 (F)India
59%
92 (M)Quintin
59%
51 (M)Alvin
58.5%
33 (F)Regina
58.2%
20 (M)Austin
57.6%
85 (F)Martina
57%
22 (F)Sabrina
55.4%
80 (M)Quincy
55.2%
38 (M)Edwin
54.9%
91 (F)Celina
54.3%
100 (F)Selina
54.3%
124 (F)Salina
54.3%
64 (F)Janine
53.4%
104 (F)Jeanine
53.4%
130 (F)Jeannine
53.4%
68 (F)Josephine
52.5%
58 (M)Quentin
52%
49 (F)Angelina
51.1%
121 (F)Kirstin
50.4%
63 (M)Gavin
49.8%
45 (M)Melvin
48.7%
94 (F)Justina
48.4%
Rank Name % Correct
105 (F)Pauline
47.4%
74 (F)Trina
47%
52 (M)Kelvin
45.2%
113 (M)Winston
44.5%
57 (F)Elaine
44.3%
70 (F)Ginger
43.1%
47 (M)Franklin
42.4%
50 (M)Clint
41.9%
28 (M)Clinton
39.9%
84 (F)Nadine
39.3%
109 (F)Francine
38.6%
107 (M)Prince
35.6%
111 (F)Georgina
34.8%
118 (F)Melina
34.3%
101 (F)Ingrid
33.1%
41 (M)Reginald
32.4%
43 (M)Dominic
32.2%
77 (M)Dominick
32.2%
96 (F)Princess
31%
112 (F)Lindy
28.7%
59 (F)Destiny
28.1%
42 (F)Dominique
26.9%
73 (M)Dominique
26.9%
75 (F)Lorraine
26.9%
106 (F)Lucinda
26.6%
79 (F)Alaina
26.2%
119 (F)Elaina
26.2%
48 (M)Antoine
22.1%
127 (M)Ervin
20.9%
31 (M)Jermaine
20.1%
56 (F)Antoinette
18.8%
129 (F)Davina
18%
93 (M)Blaine
17.2%
126 (M)Agustin
16.2%
117 (F)Rosalinda
15.3%
83 (F)Shaina
12.6%
114 (F)Charmaine
10.1%
102 (M)Joaquin
8.8%
89 (M)Sterling
7.9%
125 (M)Tremaine
3.6%
99 (M)Efrain
3.2%
128 (F)Stephaine
2.6%
Remove Ads.
Support Sporcle.
Get the best of Sporcle when you Go Orange. This ad-free experience offers more features, more stats, and more fun while also helping to support Sporcle. Thank you for becoming a member.

You're not logged in!

Compare scores with friends on all Sporcle quizzes.
OR
Log In

Show Comments

Extras

Top Quizzes Today


Score Distribution

Your Account Isn't Verified!

In order to create a playlist on Sporcle, you need to verify the email address you used during registration. Go to your Sporcle Settings to finish the process.

Report this User

Report this user for behavior that violates our Community Guidelines.

Details: